000 00315nam a22001457a 4500
999 _c54912
_d54912
008 190925b ||||| |||| 00| 0 eng d
020 _a9780071549677
041 _aeng
080 _2004
_a004
082 _2004
100 _a28
101 _aSHKI
245 _aFacebook Applications
_cFeiler,J
942 _2udc
_cBK